<?xml version="1.0" encoding="UTF-8"?>
<collection xmlns="http://www.loc.gov/MARC21/slim">
 <record>
  <leader>01769aam a22002418a 4500</leader>
  <controlfield tag="001">NCT_139763</controlfield>
  <controlfield tag="008">130319s2013                  ||||||viesd</controlfield>
  <datafield tag="999" ind1=" " ind2=" ">
   <subfield code="c">7202</subfield>
   <subfield code="d">7202</subfield>
  </datafield>
  <datafield tag="020" ind1=" " ind2=" ">
   <subfield code="c">286000</subfield>
   <subfield code="a">9786046706694</subfield>
  </datafield>
  <datafield tag="082" ind1="0" ind2="4">
   <subfield code="2">23rd ed.</subfield>
   <subfield code="a">547</subfield>
   <subfield code="b">S646</subfield>
  </datafield>
  <datafield tag="100" ind1="1" ind2=" ">
   <subfield code="a">Phan Tống Sơn</subfield>
  </datafield>
  <datafield tag="245" ind1="1" ind2="0">
   <subfield code="a">Hoá học các hợp chất thiên nhiên</subfield>
   <subfield code="n">Tập 1</subfield>
   <subfield code="c">Phan Tống Sơn, Phan Minh Giang</subfield>
  </datafield>
  <datafield tag="260" ind1=" " ind2=" ">
   <subfield code="a">H.</subfield>
   <subfield code="b">Khoa học và Kỹ thuật</subfield>
   <subfield code="c">2016</subfield>
  </datafield>
  <datafield tag="300" ind1=" " ind2=" ">
   <subfield code="a">415 tr.</subfield>
   <subfield code="b">Minh họa</subfield>
   <subfield code="c">27cm</subfield>
  </datafield>
  <datafield tag="520" ind1="3" ind2=" ">
   <subfield code="a">Nội dung trình bày khái quát mối quan hệ phát sinh sinh vật của các hợp chất thiên nhiên, Carbohydrat, Lipid và eicosanoid, Polyketid, Terpenoid, Steroid, Phenylpropanoid, Flavonoid, Amino acid, peptid và protein, Amin có nguồn gốc sinh vật và alkaloid, Nucleosid, nucleotid và acid nucleic, Vitamin, các chất kháng sinh, Hợp chất thiên nhiên biển, sự chuyển hóa thứ cấp và sinh thái học.</subfield>
  </datafield>
  <datafield tag="653" ind1=" " ind2=" ">
   <subfield code="a">Công nghệ kỹ thuật hóa học</subfield>
  </datafield>
  <datafield tag="700" ind1="1" ind2=" ">
   <subfield code="a">Phan Minh Giang</subfield>
  </datafield>
  <datafield tag="942" ind1=" " ind2=" ">
   <subfield code="2">ddc</subfield>
   <subfield code="c">BK</subfield>
  </datafield>
  <datafield tag="952" ind1=" " ind2=" ">
   <subfield code="0">0</subfield>
   <subfield code="1">0</subfield>
   <subfield code="2">ddc</subfield>
   <subfield code="4">0</subfield>
   <subfield code="6">547_000000000000000_S646</subfield>
   <subfield code="7">0</subfield>
   <subfield code="9">25884</subfield>
   <subfield code="a">000001</subfield>
   <subfield code="b">000001</subfield>
   <subfield code="d">2022-07-26</subfield>
   <subfield code="o">547 S646</subfield>
   <subfield code="p">MD.20423</subfield>
   <subfield code="r">2022-07-26</subfield>
   <subfield code="v">286000.00</subfield>
   <subfield code="w">2022-07-26</subfield>
   <subfield code="y">BK</subfield>
  </datafield>
  <datafield tag="952" ind1=" " ind2=" ">
   <subfield code="0">0</subfield>
   <subfield code="1">0</subfield>
   <subfield code="2">ddc</subfield>
   <subfield code="4">0</subfield>
   <subfield code="6">547_000000000000000_S646</subfield>
   <subfield code="7">0</subfield>
   <subfield code="9">25885</subfield>
   <subfield code="a">000001</subfield>
   <subfield code="b">000001</subfield>
   <subfield code="d">2022-07-26</subfield>
   <subfield code="o">547 S646</subfield>
   <subfield code="p">MD.20424</subfield>
   <subfield code="r">2022-07-26</subfield>
   <subfield code="v">286000.00</subfield>
   <subfield code="w">2022-07-26</subfield>
   <subfield code="y">BK</subfield>
  </datafield>
  <datafield tag="952" ind1=" " ind2=" ">
   <subfield code="0">0</subfield>
   <subfield code="1">0</subfield>
   <subfield code="2">ddc</subfield>
   <subfield code="4">0</subfield>
   <subfield code="6">547_000000000000000_S646</subfield>
   <subfield code="7">0</subfield>
   <subfield code="9">25886</subfield>
   <subfield code="a">000001</subfield>
   <subfield code="b">000001</subfield>
   <subfield code="d">2022-07-26</subfield>
   <subfield code="o">547 S646</subfield>
   <subfield code="p">MD.20425</subfield>
   <subfield code="r">2022-07-26</subfield>
   <subfield code="v">286000.00</subfield>
   <subfield code="w">2022-07-26</subfield>
   <subfield code="y">BK</subfield>
  </datafield>
  <datafield tag="952" ind1=" " ind2=" ">
   <subfield code="0">0</subfield>
   <subfield code="1">0</subfield>
   <subfield code="2">ddc</subfield>
   <subfield code="4">0</subfield>
   <subfield code="6">547_000000000000000_S646</subfield>
   <subfield code="7">0</subfield>
   <subfield code="9">25887</subfield>
   <subfield code="a">000001</subfield>
   <subfield code="b">000001</subfield>
   <subfield code="d">2022-07-26</subfield>
   <subfield code="o">547 S646</subfield>
   <subfield code="p">MD.20426</subfield>
   <subfield code="r">2022-07-26</subfield>
   <subfield code="v">286000.00</subfield>
   <subfield code="w">2022-07-26</subfield>
   <subfield code="y">BK</subfield>
  </datafield>
  <datafield tag="980" ind1=" " ind2=" ">
   <subfield code="a">Thư viện Trường Đại học Nam Cần Thơ</subfield>
  </datafield>
 </record>
</collection>
